| 000 | 01061cad a22002535a 4500 | ||
|---|---|---|---|
| 001 | L124868 | ||
| 008 | 031217s2003 xxk l f000 0 eng u | ||
| 020 | _a0110483685 | ||
| 035 | _a(Sirsi) u124868 | ||
| 041 | _aeng | ||
| 245 | 0 | 0 |
_aStamp Duty Land Tax (Amendment of Schedule 4 to the Finance Act 2003) Regulations 2003 _h[electronic resource] |
| 260 |
_aLondon _bHMSO _c2003 |
||
| 490 |
_aSI _v2003: 3293 |
||
| 520 | _aCame into force on 19 December 2003. This statutory instrument amends the Finance Act 2003 Sched 4 relating to the treatment of land transactions forming part of a PFI project. The Regulations apply to qualifying transactions. View at www.legislation.hmso.gov.uk/si. | ||
| 650 | _aSTAMP DUTY | ||
| 650 | _aSTAMP DUTY LAND TAX | ||
| 650 | _aPROPERTY DEALS | ||
| 650 | _aPFI | ||
| 650 | _aFINANCE ACT 2003 SCHED 4 | ||
| 650 | _aINLAND REVENUE | ||
| 690 | _aTAXATION | ||
| 856 |
_uhttps://www.legislation.gov.uk/uksi/2003/3293/contents/made _zView the statutory instrument free of charge at www.legislation.gov.uk |
||
| 942 | _n0 | ||
| 999 |
_c103301 _d103301 |
||